Statistics for NBA Players with at least three 90% free throw seasons.

Click here to take the quiz!

General Stats

  • This quiz has been taken 20 times
  • The average score is 6 of 16

Answer Stats

# of seasonsYears ActiveAnswer% Correct
71996-2014Steve Nash
94%
52009-activeStephen Curry
75%
31998-activeDirk Nowitzki
63%
81996-2014Ray Allen
63%
81987-2005Reggie Miller
50%
41979-1992Larry Bird
44%
51986-1998Mark Price
38%
71965-1980Rick Barry
31%
51997-2014Chauncey Billups
19%
32000-activeJamal Crawford
19%
42006-activeJ.J. Redick
19%
41998-2011Peja Stojakovic
19%
31993-2005Allan Houston
13%
51970-1983Calvin Murphy
13%
31950-1961Bill Sharman
0%
31990-2001Mahmoud Abdul-Rauf
0%

Score Distribution

Percentile by Number Answered

Percent of People with Each Score

Your Score History

You have not taken this quiz